TVSS SURGE Switch. 2013-2014

Uložené v:
Podrobná bibliografia
Médium: Kniha
Jazyk:Slovak
English
Vydané: 2014.
Vydanie:1. vydanie
Témy:
On-line prístup:http://www.socomec.com
http://www.oemautomatic.sk
Fyzický popis: 1 list.
Tagy: Pridať tag
Žiadne tagy, Buďte prvý kto otaguje tento záznam!

MARC

LEADER 00000nam^a22000003a^4500
001 000567607
003 SVKKK
005 20171129125253.0
008 171114s2014 xo |||| 0 slo^d
040 |a SVKKK  |b slo  |c SVKKK  |e AACR2012 
041 0 |a eng 
044 |a xo  |c SK 
080 |a 621.316.542  |2 2001 
245 0 0 |a TVSS SURGE Switch.  |n 2013-2014 
250 |a 1. vydanie 
260 |c 2014. 
300 |a 1 list. 
655 7 |a firemné prospekty  |2 SNKPH 
710 2 |a OEM Automatic, s. r. o.  |c Bratislavská 8356, 917 01 Trnava  |4 dst 
856 4 1 |u http://www.socomec.com 
856 4 1 |u http://www.oemautomatic.sk 
910 |a svkkk 
998 |a FL 
090 |g SCKHL  |k SK42  |a 621.316.542  |j 235746  |i 2720498615  |4 zastaraná  |s Vyradená